00449nam a2200169 450000500170000000800410001702000220005804100120008008200310009210000160012324500380013926000390017730000160021636500210023294200070025399900190026020251231153122.0251231b |||||||| |||| 00| 0 eng d a978-0-7679-2271-5 aEnglish 21st 2007aX 378.17bB12108 aNewport Cal aHow to Become a Stright A Student aNew YorkbThree Rivers Pressc2007 avi,214pbpb aRupayeb519cINR cBK c369651d369651